[Event "Titled Tuesday intern op 24th Oct Late"]
[Site "Chess.com INT"]
[Date "2023.10.24"]
[Round "2"]
[White "Neal Ii, James A"]
[Black "Peycheva, Gergana"]
[Result "0-1"]
[WhiteElo "2011"]
[BlackElo "2287"]
[PlyCount "52"]
[EventDate "2023.10.24"]
[EventType "swiss (blitz)"]
[EventRounds "11"]
[EventCountry "USA"]
[SourceTitle "Mega2024 Update 01"]
[Source "Chessbase"]
[SourceDate "2023.11.12"]
[SourceVersion "1"]
[SourceVersionDate "2023.11.12"]
[SourceQuality "1"]

1. e4 c5 2. Nf3 Nc6 3. Bb5 g6 4. Bxc6 dxc6 5. d3 Bg7 6. 0-0 e5 7. Be3 Qe7 8. Nc3 Nf6 9. h3 Nd7 10. Nh2 Nf8 11. f4 exf4 12. Bxf4 Ne6 13. Be3 0-0 14. Qd2 Nd4 15. Rf2 Be6 16. Bh6 Rad8 17. Bg5 f6 18. Be3 c4 19. Nf3 Nxf3+ 20. Rxf3 cxd3 21. cxd3 b6 22. d4 f5 23. exf5 Bxf5 24. Rd1 Rd7 25. Qf2 Re8 26. Bf4 Qb4 0-1

[Event "Iowa City ch-IA"]
[Site "Iowa"]
[Date "2019.04.07"]
[Round "5"]
[White "Kosokin, Valeriy"]
[Black "Neal Ii, James A"]
[Result "1/2-1/2"]
[WhiteElo "2142"]
[BlackElo "2097"]
[PlyCount "98"]
[EventDate "2019.04.06"]
[EventType "tourn"]
[EventRounds "5"]
[EventCountry "USA"]
[SourceTitle "EXT 2020"]
[Source "ChessBase"]
[SourceDate "2019.10.17"]
[SourceVersion "1"]
[SourceVersionDate "2019.10.17"]
[SourceQuality "1"]

1. e4 c5 2. Nf3 e6 3. d3 Nc6 4. Be2 Qc7 5. 0-0 g6 6. Be3 e5 7. Nc3 Nf6 8. Nd2 d6 9. Bg5 Be7 10. f4 Qd8 11. f5 Nd4 12. Bxf6 Bxf6 13. Nd5 Bg5 14. c3 Nc6 15. Nc4 0-0 16. Bg4 Ne7 17. Nce3 Bxe3+ 18. Nxe3 f6 19. fxg6 hxg6 20. Bxc8 Qxc8 21. Qb3+ Kg7 22. Rf3 Qd7 23. h3 Rad8 24. Qc2 d5 25. Ng4 Ng8 26. a3 Rf7 27. Qf2 d4 28. c4 Rdf8 29. Qg3 Nh6 30. Nxh6 Kxh6 31. Qh4+ Kg7 32. g4 g5 33. Qf2 Rh8 34. Kg2 Rh6 35. b4 Qd6 36. Rb1 b6 37. b5 Rf8 38. a4 a5 39. bxa6 Ra8 40. Qb2 Rxa6 41. Qb5 Ra5 42. Qxb6 Qxb6 43. Rxb6 Rxa4 44. Rb7+ Kg6 45. Rb5 Ra6 46. Rxc5 Kg7 47. Rc7+ Kg6 48. Rb7 Ra2+ 49. Kg3 Ra1 1/2-1/2

[Event "Iowa City ch-IA"]
[Site "Iowa"]
[Date "2019.04.06"]
[Round "1"]
[White "Noble, Cub"]
[Black "Neal Ii, James A"]
[Result "0-1"]
[WhiteElo "1888"]
[BlackElo "2097"]
[PlyCount "120"]
[EventDate "2019.04.06"]
[EventType "tourn"]
[EventRounds "5"]
[EventCountry "USA"]
[SourceTitle "EXT 2020"]
[Source "ChessBase"]
[SourceDate "2019.10.17"]
[SourceVersion "1"]
[SourceVersionDate "2019.10.17"]
[SourceQuality "1"]

1. e4 c5 2. Nf3 e6 3. d4 cxd4 4. Nxd4 a6 5. Nc3 Qc7 6. Bd3 Nf6 7. 0-0 b5 8. Re1 d6 9. Be3 Bb7 10. a3 Be7 11. f4 Nbd7 12. Qe2 h5 13. Kh1 h4 14. h3 Nh5 15. Bf2 Nxf4 16. Qg4 g5 17. Be3 Ne5 18. Qd1 Nh5 19. Nf3 Nxf3 20. Qxf3 Bf6 21. Bd2 Qe7 22. Rab1 Ng3+ 23. Kg1 Bd4+ 24. Be3 Bxe3+ 25. Rxe3 Rh6 26. Nd5 Qd8 27. Nc3 Rf6 28. Qd1 Qb6 29. Qd2 0-0-0 30. Kh2 Qd4 31. Ne2 Qxb2 32. Nc3 Qxa3 33. Nxb5 Qc5 34. Nc3 Qe5 35. Kg1 Rd7 36. Na4 Rc7 37. Qb4 Kd8 38. Qb6 Rf4 39. Qa7 Bc8 40. Qb6 Kd7 41. Rd1 Rc6 42. Qa7+ Kd8 43. Rb1 Qa5 44. Qa8 Qxa4 45. Ree1 Qd4+ 46. Kh2 Qc5 47. Rb8 Rf2 48. Bxa6 Qxc2 49. Rg1 Nh5 50. Bxc8 Rxc8 51. Rxc8+ Qxc8 52. Qa5+ Qc7 53. Qxg5+ Nf6 54. Qxh4 Qc5 55. Kh1 Qc2 56. Qh8+ Ke7 57. Qa8 Nxe4 58. Qa7+ Kf8 59. Qa8+ Kg7 60. Qa1+ Qc3 0-1

[Event "Iowa-ch"]
[Site "Ankeny"]
[Date "2016.04.??"]
[Round "3"]
[White "Brashaw, Daniel"]
[Black "Neal Ii, James A"]
[Result "1/2-1/2"]
[WhiteElo "2069"]
[BlackElo "2074"]
[PlyCount "138"]
[EventDate "2016.04.02"]
[EventType "tourn"]
[EventRounds "5"]
[EventCountry "USA"]
[SourceTitle "EXT 2017"]
[Source "ChessBase"]
[SourceDate "2016.10.25"]
[SourceVersion "1"]
[SourceVersionDate "2016.10.25"]
[SourceQuality "1"]

1. e4 c5 2. Nf3 d6 3. d4 cxd4 4. Nxd4 Nf6 5. Nc3 g6 6. Be2 Bg7 7. Be3 Nc6 8. Qd2 Bd7 9. h3 Rc8 10. f4 a6 11. 0-0 0-0 12. Rad1 b5 13. a3 Qc7 14. Nxc6 Bxc6 15. Bf3 Rfd8 16. f5 Nd7 17. Qf2 Rf8 18. Bd4 Ne5 19. Be2 Qb7 20. Qe3 Nd7 21. Bxg7 Kxg7 22. Kh2 Rb8 23. Rf4 Qb6 24. Qg3 Qc5 25. b4 Qe5 26. Nd5 Nf6 27. Nxf6 exf6 28. Bd3 Rbd8 29. h4 d5 30. exd5 Rxd5 31. Re1 Qd6 32. Rg4 Qxg3+ 33. Kxg3 Bd7 34. Rf1 Re8 35. Rgf4 Rd6 36. h5 Re5 37. hxg6 fxg6 38. fxg6 hxg6 39. Rh1 Rg5+ 40. Kf2 Bc6 41. Rh2 Re5 42. Rfh4 f5 43. Rh1 Kf6 44. Rh8 Be4 45. R1h3 Ree6 46. Rc8 Rc6 47. Rf8+ Kg5 48. Rg3+ Kf4 49. Bxe4 Rxe4 50. Rf3+ Kg5 51. c3 Rd6 52. Ra8 Rd2+ 53. Kf1 Re6 54. Kg1 Ra2 55. c4 bxc4 56. Rc8 Rc2 57. Kh2 f4 58. Kh3 Re5 59. g3 fxg3 60. Kxg3 Rc1 61. Rc5 Rxc5 62. bxc5 c3 63. Kg2 c2 64. Rc3 Rd1 65. Rxc2 Rd7 66. Kf3 Kf5 67. c6 Rc7 68. Rc5+ Ke6 69. Ke4 Kd6 1/2-1/2